東京都立大学の学部・大学院 - Statistics

General Stats
  • This quiz has been taken 25 times
  • The average score is 5 of 14
Answer Stats
hint Answer % Correct
学部 法学部
95%
学部 理学部
74%
学部 人文社会学部
63%
学部 都市環境学部
53%
学部 経済経営学部
47%
学部 システムデザイン学部
42%
学部 健康福祉学部
42%
研究科 理学研究科
26%
研究科 都市環境科学研究科
16%
研究科 システムデザイン研究科
16%
研究科 人文科学研究科
11%
研究科 法学政治学研究科
11%
研究科 経営学研究科
11%
研究科 人間健康科学研究科
11%
No matching quizzes found
Score Distribution
Percent of People with Each Score
Percentile by Number Answered
Your Score History
You have not taken this quiz